[Event "Asia zt 3.1"]
[Site "Tehran"]
[Date "2017.07.02"]
[Round "3"]
[White "Harandi, Hootan"]
[Black "Mousavi Ghods, Hossein"]
[Result "1-0"]
[WhiteElo "2020"]
[BlackElo "1930"]
[PlyCount "111"]
[EventDate "2017.06.30"]
[EventType "swiss"]
[EventRounds "9"]
[EventCountry "IRI"]
[SourceTitle "CBM 179 Extra"]
[Source "ChessBase"]
[SourceDate "2017.08.23"]
[SourceVersion "1"]
[SourceVersionDate "2017.08.23"]
[SourceQuality "1"]

1. d4 d5 2. Nf3 e6 3. Bf4 Bd6 4. e3 Ne7 5. Bg3 0-0 6. Bd3 c5 7. c3 Nbc6 8. Nbd2 Ng6 9. 0-0 Bxg3 10. hxg3 cxd4 11. exd4 Rb8 12. a4 b6 13. Re1 Bd7 14. Qb1 Qf6 15. Nf1 Rfe8 16. N1h2 e5 17. dxe5 Ncxe5 18. Nxe5 Rxe5 19. Rxe5 Qxe5 20. Nf3 Qh5 21. Bb5 Bg4 22. Nd4 Ne5 23. f3 Bd7 24. Bxd7 Nxd7 25. Qf5 Qxf5 26. Nxf5 Re8 27. Rd1 Nf6 28. Kf2 g6 29. Ne3 Rd8 30. g4 h6 31. Ke2 Rd7 32. Kd3 Kf8 33. Re1 Ne8 34. Kd4 Nc7 35. Rh1 Kg7 36. Ra1 Ne6+ 37. Kd3 Nc5+ 38. Kc2 d4 39. cxd4 Rxd4 40. a5 b5 41. Rd1 Rxd1 42. Nxd1 Kf6 43. Kc3 Ne6 44. Kb4 a6 45. Nc3 Ke7 46. Ne4 f5 47. gxf5 gxf5 48. Nc5 Nc7 49. Nxa6 Nxa6+ 50. Kxb5 Nc7+ 51. Kc6 Kd8 52. Kb7 h5 53. a6 h4 54. b4 Kd7 55. a7 Kd6 56. b5 1-0

[Event "Asia zt 3.1"]
[Site "Tehran"]
[Date "2017.07.01"]
[Round "2"]
[White "Mousavi Ghods, Hossein"]
[Black "Zomorrodian, Eilia"]
[Result "0-1"]
[WhiteElo "1930"]
[BlackElo "2092"]
[PlyCount "86"]
[EventDate "2017.06.30"]
[EventType "swiss"]
[EventRounds "9"]
[EventCountry "IRI"]
[SourceTitle "CBM 179 Extra"]
[Source "ChessBase"]
[SourceDate "2017.08.23"]
[SourceVersion "1"]
[SourceVersionDate "2017.08.23"]
[SourceQuality "1"]

1. d4 Nf6 2. Bf4 g6 3. Nc3 d5 4. e3 Bg7 5. h4 c5 6. Nb5 Na6 7. c3 0-0 8. Be2 Bd7 9. a4 h5 10. Nf3 cxd4 11. exd4 Ng4 12. Ne5 Nxe5 13. dxe5 Qc8 14. Bf3 Qc4 15. Nd4 Rac8 16. Be2 Qc7 17. Bxa6 bxa6 18. Qe2 Qb6 19. 0-0 a5 20. Rfe1 Rc4 21. Qd2 Rfc8 22. e6 fxe6 23. Be5 Rf8 24. b3 Rcc8 25. Qd3 Bxe5 26. Rxe5 Rf6 27. Rae1 Rcf8 28. R1e3 Qd6 29. Rg5 Kg7 30. Reg3 e5 31. Nb5 Bxb5 32. Qxb5 Kh7 33. Qxa5 d4 34. Qxe5 d3 35. Qe4 d2 36. Rxh5+ Kg7 37. Re5 d1Q+ 38. Kh2 Kf7 39. Qc4+ e6 40. Ra5 Qe7 41. f3 Rh8 42. Rag5 Qc1 43. R5g4 Rd8 0-1

[Event "Mashhad Ferdowsi op 6th"]
[Site "Mashhad"]
[Date "2016.01.30"]
[Round "2"]
[White "Maletin, Pavel"]
[Black "Mousavi Ghods, Hossein"]
[Result "1-0"]
[WhiteElo "2580"]
[BlackElo "1922"]
[PlyCount "45"]
[EventDate "2016.01.29"]
[EventType "swiss"]
[EventRounds "9"]
[EventCountry "IRI"]
[SourceTitle "CBM 170 Extra"]
[Source "ChessBase"]
[SourceDate "2016.02.25"]
[SourceVersion "1"]
[SourceVersionDate "2016.02.25"]
[SourceQuality "1"]

1. Nf3 d5 2. g3 Nf6 3. Bg2 e6 4. 0-0 Be7 5. c4 0-0 6. d4 b6 7. cxd5 exd5 8. Nc3 Bb7 9. Qc2 Nbd7 10. Bf4 Nh5 11. Be3 c6 12. Rad1 f5 13. Ne5 Nxe5 14. dxe5 f4 15. Bc1 fxg3 16. hxg3 Qc7 17. Nxd5 Qxe5 18. Bf4 Nxf4 19. gxf4 Rxf4 20. Nxf4 Qxf4 21. Rd7 Bd6 22. Qb3+ Kh8 23. Rd1 1-0

[Event "IRI-chT 14th"]
[Site "Tehran"]
[Date "2015.11.12"]
[Round "11.3"]
[White "Mousavi Ghods, Hossein"]
[Black "Mousavi, Seyed Khalil"]
[Result "0-1"]
[WhiteElo "1932"]
[BlackElo "2427"]
[PlyCount "76"]
[EventDate "2015.07.17"]
[EventType "team-tourn"]
[EventRounds "13"]
[EventCountry "IRI"]
[SourceTitle "EXT 2017"]
[Source "ChessBase"]
[SourceDate "2016.10.25"]
[SourceVersion "1"]
[SourceVersionDate "2016.10.25"]
[SourceQuality "1"]
[WhiteTeam "Nasouz Azarakhsh"]
[BlackTeam "Pardis Park Fanavari"]
[WhiteTeamCountry "IRI"]
[BlackTeamCountry "IRI"]

1. d4 d5 2. Nf3 Nf6 3. e3 c5 4. b3 g6 5. Bd3 Bg7 6. Nbd2 Nc6 7. Bb2 0-0 8. 0-0 Nd7 9. Bb5 Qb6 10. Bxc6 Qxc6 11. c4 b6 12. Qc2 Bb7 13. Rac1 cxd4 14. exd4 e6 15. Rfe1 Rac8 16. Qd3 Rfd8 17. Qe3 dxc4 18. Rxc4 Qd5 19. Rec1 Nb8 20. Rxc8 Rxc8 21. Rxc8+ Bxc8 22. Qf4 Nc6 23. Ne4 f5 24. Nc3 Qd7 25. Nb5 e5 26. Qc1 Ba6 27. Qc4+ Kh8 28. a4 e4 29. Ng5 Nd8 30. Qb4 h6 31. Nh3 g5 32. Kh1 Kh7 33. Ng1 Nc6 34. Qd6 Qxd6 35. Nxd6 Nd8 36. b4 Bd3 37. Nc8 b5 38. a5 Nc6 0-1